| 000 | 00673nam a2200241Ia 4500 | ||
|---|---|---|---|
| 003 | 0100 | ||
| 005 | 20161209100115.0 | ||
| 008 | 130303s9999 xx 000 0 und d | ||
| 020 | _a8876535926 | ||
| 040 | _cARRUPELIB | ||
| 050 | _aBS511.21990 | ||
| 100 |
_aFitzmyer, Joseph A _927984 |
||
| 245 | 3 | _aAn introductory bibliography for the study of scripture | |
| 250 | _a3rd | ||
| 260 | _aRoma | ||
| 260 | _bEditrice pontificio istituto biblico | ||
| 300 | _axv | ||
| 300 | _b 216 p. 24 cm | ||
| 440 |
_aSubsidia Biblica , 3 _927985 |
||
| 650 |
_bBible _xStudy and teaching _xBibliography _927986 |
||
| 700 |
_aJoseph A. Fitzmyer _927987 |
||
| 942 |
_2lcc _cMONOGRAPH |
||
| 999 |
_c7463 _d7463 |
||